<The> Portable MBA in Entrepreneurship

Enregistré dans:
Détails bibliographiques
Auteur principal: Bygrave, William D.
Format: Livre
Langue:anglais
Publié: New York Wiley and Sons 1994
Édition:1. ed.
Collection:<The> Portable MBA Series
Sujets:
Tags: Ajouter un tag
Pas de tags, Soyez le premier à ajouter un tag!

MARC

LEADER 00000nam a2200000 4500
001 c019706
005 20221205140927.5
020 |a 0-471-57780-4 
041 0 |a eng 
044 |a US 
245 1 0 |a <The> Portable MBA in Entrepreneurship  |c William D. Bygrave 
250 |a 1. ed. 
264 1 |a New York  |b Wiley and Sons  |c 1994 
300 |a 468 s. 
490 1 |a <The> Portable MBA Series 
830 0 |a <The> Portable MBA Series 
610 2 0 |a podnikanie 
610 2 0 |a podnikanie drobné 
610 2 0 |a podnikanie obchodné 
610 2 0 |a riadenie podnikové 
610 2 0 |a kapitál rizikový 
610 2 0 |a marketing 
610 2 0 |a marketing manažment 
610 2 0 |a franchising 
610 2 0 |a financovanie 
610 2 0 |a financovanie podnikov 
610 2 0 |a hospodárstvo podnikové 
100 1 |a Bygrave, William D.